The perks of being a wallflower / (Record no. 3143)

MARC details
000 -LEADER
fixed length control field 00969cgm a2200193 4500
001 - CONTROL NUMBER
control field 3842
005 - DATE AND TIME OF LATEST TRANSACTION
control field 20181127172106.0
008 - FIXED-LENGTH DATA ELEMENTS--GENERAL INFORMATION
fixed length control field 990218s1999 nyu 000 1 eng d
010 ## - LIBRARY OF CONGRESS CONTROL NUMBER
LC control number 99236288
100 1# - MAIN ENTRY--PERSONAL NAME
Personal name Chbosky, Stephen.
245 14 - TITLE STATEMENT
Title The perks of being a wallflower /
Statement of responsibility, etc. Stephen Chbosky.
300 ## - PHYSICAL DESCRIPTION
Extent 1 videodisc (103 min.) :
Other physical details sd., col. ;
Dimensions 4 3/4 in.
520 ## - SUMMARY, ETC.
Summary, etc. Based on the best-selling novel by Stephen Chbosky, THE PERKS OF BEING A WALLFLOWER is a modern classic that captures the dizzying highs and crushing lows of growing up. Starring Logan Lerman, Emma Watson and Ezra Miller, THE PERKS OF BEING A WALLFLOWER is a moving tale of love, loss, fear and hope and the unforgettable friends that help us through life.
650 ## - SUBJECT ADDED ENTRY--TOPICAL TERM
Topical term or geographic name entry element High school students --Social conditions.
Form subdivision
General subdivision
Chronological subdivision
Geographic subdivision
Source of heading or term
Topical term or geographic name entry element High school students.
Form subdivision
General subdivision
Chronological subdivision
Geographic subdivision
Source of heading or term
Topical term or geographic name entry element Interpersonal relations.
Form subdivision
General subdivision
Chronological subdivision
Geographic subdivision
Source of heading or term
Topical term or geographic name entry element Letters.
Form subdivision
General subdivision
Chronological subdivision
Geographic subdivision
Source of heading or term
Topical term or geographic name entry element Teenagers.
Form subdivision
General subdivision
Chronological subdivision
Geographic subdivision
Source of heading or term
Holdings
Withdrawn status Lost status Damaged status Not for loan Collection code Home library Current library Shelving location Serial Enumeration / chronology Total Checkouts Full call number Barcode Date last seen Price effective from Koha item type
        Desk RTC Library RTC Library Desk   DVD PERDESK 30006448 11/03/2019 27/11/2018 Desk (DVD/CD)
Royal Thimphu College || All Right Reserved